LEADER 05207nam2 2200553 i 450 001 BVEE074662 005 20170908093234.0 012 $ai-n- ina- dos, post (3) 1588 (R)$2fei$9Vol. [5]. 100 $a20070518d1588 ||||0itac50 ba 101 | $alat 102 $ait 181 1$6z01$ai $bxxxe 182 1$6z01$an 200 1 $a˜[5]: œAdditiones ad Tertiam partem s. Thomae de Aquino almi Ord. praedicatorum ex suis scriptis in 4 Sententiarum ad uerbum collectae, ... cum elucidationibus formalibus (nunc primum exeuntibus in lucem) ... per f. Seraphinum Capponi à Porrecta, eiusdem ordinis sacrae theologiae magistrum, aeditis, ... Cum quatuor inicibus. Adiunximus Augustini Hunnaei Axiomata, & Catechismum 210 $aVenetijs$capud Iuntas$d1588$eVenetijs$gapud Iuntas$h1588 215 $a[40], 706 [i.e. 712], [4] p.$c1 ritr.$d4º 300 $aNel tit. il numero 4 è espresso: IIII 300 $aMarche nella cornice del ritr. sul front. (U 428) e sul recto dell'ultima c., prima del colophon (U 59) 300 $aSegn.: †⁴ a-b⁸ A-2X⁸ 2Y⁶ 300 $a Ritr. di S. Tommaso sul front 300 $aGli "Axiomata" e il "Catechismus" di Hunnaeus annunciati sono contenuti nel vol. [8]. 316 $av. 5$5IT-NA0242, ANTICO 15 4 316 $av. 5 (Timbro RB sul front.)$5IT-NA0079, V.F. 164 C 38 316 $av. 5. - Legato con il vol. 6. - Timbro RB sul front. - Gli Axiomata si trovano alla coll. SALA FARN. 08. D 0036$5IT-NA0079, V.F. 164 C 38 461 1$1001BVEE015483$12001 $aSumma totius theologiae s. Thomae de Aquino doctoris angelici ... Cum commentarijs, et opusculis r.d.d. Thomae de Vio Caietani ... Accessere quaestiones De motoribus orbium vna, altera vero De principio indiuiduationis ... Eruditissima fr. Chrysostomi Iauelli commentaria in primum tractatum Primae partis. S. Th. Quodlibeta, ac De praescientia, & praedestinatione tractatus. Formales elucidationes in Additiones eiusdem sancti ad Tertiam partem per r.p.f. Seraphinum Capponi a Porrecta, ... Augustini Hunnaei Axiomata de sacramentis ecclesiae, atque eiusdem catechismus. ... Sex indices vniuersales ... Autorisque vita, r.p.f. Gulielmo de Thocco authore ... nunc primùm edita. ... Prima pars$v5 620 $dVenezia$3SBLL003553 700 0$aTommaso : d'Aquino$c $3CFIV008124$4070$0290144 702 1$aCapponi$b, Serafino$3RMLV024341 790 0$aTommaso d'Aquino$c $3CFIV009247$zTommaso : d'Aquino 790 0$aTommaso$c $3CFIV167024$zTommaso : d'Aquino 790 0$aTomasz z Akwinu$3IEIV108913$zTommaso : d'Aquino 790 0$aThomas : de Aquino$c $3MILV209402$zTommaso : d'Aquino 790 0$aThomas : Aquinas$c $3PUVV203880$zTommaso : d'Aquino 790 1$aCaponi$b, Serafino$3BVEV052799$zCapponi, Serafino 790 1$aCaponus$b, Seraphinus$3RMLV024342$zCapponi, Serafino 790 1$aCapponi della Porretta$b, Serafino$3SBNV009755$zCapponi, Serafino 790 1$aCapponi$b, Seraphinus$3UFIV073042$zCapponi, Serafino 801 3$aIT$bIT-NA0079$c20070518 850 $aIT-NA0242$aIT-NA0079 899 1$aBiblioteca Nazionale Vittorio Emanuele III$bNA0079$42 esemplari$eS$uhttp://books.google.com/books?vid=IBNN:BNVA1001529992 912 $aBVEE074662 921 $aPUVM000167$bGiglio fiorentino e iniziali L A circondato da ghirlanda sorretta da due putti. - Dimensioni: 6,5 x 9.$cU59$dIn fine, prima del colophon. 921 $aPUVM000211$bGiglio fiorentino e iniziali L. A. inserito nella parte inferiore di una cocornice architettonica. Al centro il ritratto di san Tommaso.$cU428$dSul front. 950 2$aBiblioteca Sant'Antonio$c1 v. (v. 5)$d ATANTICO 15 4$e AT 0000000045 B v. 5$fZ $h20150311$i20150311 950 2$aBiblioteca Nazionale Vittorio Emanuele III$bv. 1-3 ; 5-9$cv. 5$d BNV.F. 164 C 38$e BNVA10015299925 B v. 5 (Timbro RB sul front.)$fC $h20140122$i20140122$lTimbro RB sul front.$mTimbri storici della biblioteca proprietaria$cv. 5$d BNSALA FARN.08. D 0034$e BNANT0017411405 G (1 v. 5. - Legato con il vol. 6. - Timbro RB sul front. - Gli Axiomata si trovano alla coll. SALA FARN. 08. D 0036$fC $h20050412$i20050412 956 $aBiblioteca Nazionale Vittorio Emanuele III$b1$c $d $eBNVA1001529992$uhttp://books.google.com/books?vid=IBNN:BNVA1001529992$z BNV.F. 164 C 38 977 $a AT$a BN 996 $aAdditiones ad Tertiam partem s. Thomae de Aquino almi Ord. praedicatorum ex suis scriptis in 4 Sententiarum ad uerbum collectae, ... cum elucidationibus formalibus (nunc primum exeuntibus in lucem) ... per f. Seraphinum Capponi à Porrecta, eiusdem ordinis sacrae theologiae magistrum, aeditis, ... Cum quatuor inicibus. Adiunximus Augustini Hunnaei Axiomata, & Catechismum$91482686 997 $aUNISANNIO LEADER 03582nam 2200757 a 450 001 9910957507403321 005 20251116162709.0 010 $a1-61249-209-6 035 $a(CKB)3170000000046079 035 $a(OCoLC)809762070 035 $a(CaPaEBR)ebrary10589767 035 $a(SSID)ssj0000581998 035 $a(PQKBManifestationID)11341330 035 $a(PQKBTitleCode)TC0000581998 035 $a(PQKBWorkID)10540085 035 $a(PQKB)11600739 035 $a(MiAaPQ)EBC3119352 035 $a(Au-PeEL)EBL3119352 035 $a(CaPaEBR)ebr10589767 035 $a(OCoLC)821726182 035 $a(EXLCZ)993170000000046079 100 $a20150424d2012|||| s|| | 101 0 $aeng 135 $aurcnu|||||||| 181 $ctxt 182 $cc 183 $acr 200 10$aComparative Cultural Studies : Asian Diaspora and East-West Modernity 205 $a1st ed. 210 $aAshland, OH, USA$cPurdue University Press$d20120701 210 $cPurdue University Press 215 $a1 online resource (177 p.) 225 0 $aComparative cultural studies Asian diaspora and East-West modernity 300 $aBibliographic Level Mode of Issuance: Monograph 311 08$a1-55753-611-2 327 $aCover -- Title -- Copyright -- Contents -- Acknowledgments -- Introduction Digging to China (or America) -- Chapter One: Asian Cell and Horror -- Chapter Two: Asian Diaspora Does Vegas -- Chapter Three: Diasporic Authors of Children's and Young Adult Books -- Chapter Four: A Child's Passing into Asian Diaspora -- Chapter Five: yEast for Modern Cannibals -- Chapter Six: Bugman in Modernity -- Chapter Seven: Kim Ki-duk's Nonperson Films -- Chapter Eight: Nakazawa's A-bomb, Tezuka's and Kobayashi's ApologiaNakazawa's A-bomb, Tezuka's Adolf, and Kobayashi's Apologia -- Chapter Nine: Orientalism Goes to War in the Twentieth Century -- Chapter Ten: Hyperreal Beijing and the 2008 Olympics -- Works Cited -- Index -- A -- B -- C -- D -- E -- F -- G -- H -- I -- J -- K -- L -- M -- N -- O -- P -- Q -- R -- S -- T -- U -- V -- W -- Y -- Z. 330 $aDrawing from Anglo-American, Asian American, and Asian literature as well as J-horror and manga, Chinese cinema and Internet, and the Korean Wave, Sheng-mei Ma's Asian Diaspora and East-West Modernity probes into the conjoinedness of West and East, of modernity's illusion and nothing's infinitude. 410 0$aComparative Cultural Studies 606 $aLITERARY CRITICISM$2bisac 606 $aAmerican / Asian American$2bisac 606 $aAsian diaspora$xAsian American authors$xHistory and criticism$zAsia 606 $aEast and West 606 $aPopular culture 606 $aCivilization, Modern 606 $aAmerican literature 606 $aRegions & Countries - Asia & the Middle East$2HILCC 606 $aHistory & Archaeology$2HILCC 606 $aMiddle East$2HILCC 615 7$aLITERARY CRITICISM 615 7$aAmerican / Asian American 615 0$aAsian diaspora$xAsian American authors$xHistory and criticism 615 0$aEast and West. 615 0$aPopular culture. 615 0$aCivilization, Modern. 615 0$aAmerican literature. 615 7$aRegions & Countries - Asia & the Middle East 615 7$aHistory & Archaeology 615 7$aMiddle East 676 $a305.895 700 $aMa$b Sheng-Mei$0475688 702 $aMa$b Sheng-mei 801 0$bPQKB 906 $aBOOK 912 $a9910957507403321 996 $aComparative Cultural Studies : Asian Diaspora and East-West Modernity$94451248 997 $aUNINA